Estrategias alternativas en la política de inducción y control de la inversión directa extranjera /
Đã lưu trong:
| Tác giả chính: | |
|---|---|
| Định dạng: | Texto |
| Các nhãn: |
Thêm thẻ
Không có thẻ, Là người đầu tiên thẻ bản ghi này!
|
MARC
| LEADER | 00000 a a2200000 04500 | ||
|---|---|---|---|
| 001 | 16069 | ||
| 003 | |||
| 040 | |||
| 100 | |a Ronsental K, Gert | ||
| 245 | |a Estrategias alternativas en la política de inducción y control de la inversión directa extranjera / |c Gert Ronsental K | ||
| 773 | |g número 12; páginas 55- 86 | ||
| 999 | |c 40080 |d 40080 | ||
